UITU Library & LRC     

Implementation of VPN Using Cisco Router 3000 Series and Micro controller as External Hardware (Record no. 32637)

MARC details
000 -LEADER
fixed length control field 00504nam a2200133Ia 4500
008 - FIXED-LENGTH DATA ELEMENTS--GENERAL INFORMATION
fixed length control field 260210s9999 xx 000 0 und d
024 ## - OTHER STANDARD IDENTIFIER
Standard number or code 00A-026-CS, 00A-014-Cs & 99A-083-CS
082 ## - DEWEY DECIMAL CLASSIFICATION NUMBER
Classification number 004.68072 NAW
100 ## - MAIN ENTRY--PERSONAL NAME
Personal name Jawed nawaz, Mirza Adnan Baig & Riaz Ahmed Khan
245 #0 - TITLE STATEMENT
Title Implementation of VPN Using Cisco Router 3000 Series and Micro controller as External Hardware
260 ## - PUBLICATION, DISTRIBUTION, ETC.
Place of publication, distribution, etc. Karachi:
Name of publisher, distributor, etc. UITU,
Date of publication, distribution, etc. 2000
600 ## - SUBJECT ADDED ENTRY--PERSONAL NAME
Personal name Computer System Engineering
650 ## - SUBJECT ADDED ENTRY--TOPICAL TERM
Topical term or geographic name entry element Bachelor of Engineering (BE)

No items available.

Powered by Koha